000
00282nam a2200109Ia 4500
008
230627s9999 xx 000 0 und d
041
_a
mar
082
_a
346.059
_b
TAL
100
_a
Talankar D. R.
245
_a
Bombay Public Trusts Act 1950
260
_a
Mumbai
_b
Kamal Law House
_c
2005
999
_c
687809
_d
687809